| 000 | 00599nam a2200193 a 4500 | ||
|---|---|---|---|
| 005 | 20210223132227.0 | ||
| 008 | 131202s2008 mx r 000 0 spa d | ||
| 020 | _a9788424149604 | ||
| 035 | _aUPN01000194351 | ||
| 049 | _aCG | ||
| 050 | 4 |
_aPQ7100 _bL4.8 |
|
| 245 | 0 | 0 |
_aLeyendas mexicanas : _bantología / _cselec., introd. y notas onomásticas por José Rogelio Alvarez. |
| 260 |
_aLeón, Esp. : _bEverest, _c[2008]. |
||
| 300 |
_a1056 p. : _bil. |
||
| 650 | 4 |
_aLEYENDAS MEXICANAS _911067 |
|
| 700 | 1 |
_aAlvarez, José Rogelio, _d1922-2011 _ecomp. _930733 |
|
| 905 | _aLibro | ||
| 999 |
_c166452 _d166452 |
||